1220 1729 1811 1551 1764 1785 1549 1492 1170 1290 1554 1840 1165 1324 1014 1240 1756 1213 1214 1666 1776 1172 1117 1832 1671 1071 1025 1930 1327 1777 1629 1576 1986 1953 1554 1177 1068 1655 1015 1474 1608 1912 1456 1826 1095 1124 1619 1109 1489 1805 1680 1372 1332 1935 1514 1033 1954 1756 1787 1193 1182 1606 1018 1406 1777 1550 1192 1203 1950 1873 1546 1586 1852 1910 1922 1519 1421 1906 1840 1947 1521 1071 1419 1238 1413 1833 1016 1459 1760 1505 1472 1787 1149 1332 1003 1605 1776 1237 1953 BCNSPRNW ULIB Ver.6.0+V

เปลี่ยนเป็นภาษาไทย

Change to English
 แสดงรายละเอียดบรรณานุกรม
  กลับหน้าหลัก

Brief Record : Get Marc (ISO 2709) : E-mail record : QR code < ปิดหน้าต่าง
LEADER : 00000nam 2200000uu 4500
001    13399114380
003     ULIB
008    120327s2552||||th 000 0 tha d
020    ^a9786110600248
090    ^aนว.^bM314L 2552
100 0  ^aเมย์ 112
245 00 ^aLovey brother แผนรักร้ายของ(พี่)ชายจอมเจ้าเล่ห์/^cเมย์ 112
250    ^aพิมพ์ครั้งที่ 1
260    ^aกรุงเทพฯ :^bแจ่มใส,^c2552
300    ^a195 หน้า
710 1  ^aแจ่มใส
945    ^p149^l0^i15523
995    ^aกัณชพร
999    ^aใช้งานได้ทุกระบบ
รายการนี้ยังไม่มีแท็ก
คุณยังไม่ได้ล็อกอิน คุณสามารถมีกิจกรรมร่วมกับเว็บไซต์ได้ แต่ต้องล็อกอินก่อน ::
  ล็อกอิน

รายการสื่อสารสนเทศ

ลำดับที่ ประเภท เลขเรียก/บาร์โค้ด สถานที่ สถานะ
1. นวนิยาย
นวนิยาย
นว. M314L 2552  
  Barcode: 15523
ห้องสมุดวิทยาเขตนครสวรรค์
►นวนิยาย:l:Fiction
บนชั้น

รายการใกล้เคียง
    ผู้แต่ง [เมย์ 112]

BibComment


ยังไม่เคยถูกคอมเมนท์

คอมเมนท์ทรัพยากรรายการนี้
  คอมเมนท์: Lovey brother แผ..


 Copyright 2026. Bcnsprnw @Library